|
|
|
|
| LEADER |
02517nam a2200625 4500 |
| 001 |
ocn928384806 |
| 003 |
OCoLC |
| 005 |
20170124070751.1 |
| 006 |
m o d |
| 007 |
cr cnu|||unuuu |
| 008 |
151109s2015 enk ob 001 0 eng d |
| 040 |
|
|
|a N$T
|b eng
|e rda
|e pn
|c N$T
|d N$T
|d IDEBK
|d DG1
|d CDX
|d YDXCP
|d OCLCF
|d YDX
|d DEBBG
|d DEBSZ
|d GrThAP
|
| 019 |
|
|
|a 929123900
|a 957613686
|a 957737933
|
| 020 |
|
|
|a 9781119245551
|q electronic bk.
|
| 020 |
|
|
|a 1119245559
|q electronic bk.
|
| 020 |
|
|
|a 9781119116233
|q electronic bk.
|
| 020 |
|
|
|a 1119116236
|q electronic bk.
|
| 020 |
|
|
|z 9781848217805
|
| 020 |
|
|
|z 1848217803
|
| 029 |
1 |
|
|a AU@
|b 000057003350
|
| 029 |
1 |
|
|a GBVCP
|b 843830034
|
| 029 |
1 |
|
|a DEBBG
|b BV043399174
|
| 029 |
1 |
|
|a DEBSZ
|b 480344671
|
| 035 |
|
|
|a (OCoLC)928384806
|z (OCoLC)929123900
|z (OCoLC)957613686
|z (OCoLC)957737933
|
| 050 |
|
4 |
|a GC1018.5
|
| 072 |
|
7 |
|a BUS
|x 054000
|2 bisacsh
|
| 082 |
0 |
4 |
|a 333.95616
|2 23
|
| 049 |
|
|
|a MAIN
|
| 245 |
0 |
0 |
|a Governance of seas and oceans /
|c edited by André Monaco and Patrick Prouzet.
|
| 264 |
|
1 |
|a London :
|b ISTE Ltd ;
|a Hoboken, NJ :
|b John Wiley & Sons, Inc.,
|c 2015.
|
| 300 |
|
|
|a 1 online resource.
|
| 336 |
|
|
|a text
|b txt
|2 rdacontent
|
| 337 |
|
|
|a computer
|b c
|2 rdamedia
|
| 338 |
|
|
|a online resource
|b cr
|2 rdacarrier
|
| 490 |
1 |
|
|a Oceanography and marine biology series. Seas and oceans set
|
| 504 |
|
|
|a Includes bibliographical references and index.
|
| 588 |
0 |
|
|a Online resource; title from PDF title page (EBSCO, viewed November 10, 2015).
|
| 650 |
|
0 |
|a Marine resources development.
|
| 650 |
|
0 |
|a Marine resources
|x Management.
|
| 650 |
|
0 |
|a Marine resources
|x Economic aspects.
|
| 650 |
|
0 |
|a Marine resources conservation.
|
| 650 |
|
0 |
|a Law of the sea.
|
| 650 |
|
7 |
|a BUSINESS & ECONOMICS / Real Estate / General
|2 bisacsh
|
| 650 |
|
7 |
|a Law of the sea.
|2 fast
|0 (OCoLC)fst00994049
|
| 650 |
|
7 |
|a Marine resources conservation.
|2 fast
|0 (OCoLC)fst01009907
|
| 650 |
|
7 |
|a Marine resources development.
|2 fast
|0 (OCoLC)fst01009923
|
| 650 |
|
7 |
|a Marine resources
|x Economic aspects.
|2 fast
|0 (OCoLC)fst01009889
|
| 650 |
|
7 |
|a Marine resources
|x Management.
|2 fast
|0 (OCoLC)fst01009897
|
| 655 |
|
4 |
|a Electronic books.
|
| 700 |
1 |
|
|a Monaco, André,
|e editor.
|
| 700 |
1 |
|
|a Prouzet, Patrick,
|e editor.
|
| 776 |
0 |
8 |
|c Original
|z 9781848217805
|z 1848217803
|w (OCoLC)898924073
|
| 830 |
|
0 |
|a Oceanography and marine biology series.
|p Seas and oceans set.
|
| 856 |
4 |
0 |
|u https://doi.org/10.1002/9781119116233
|z Full Text via HEAL-Link
|
| 994 |
|
|
|a 92
|b DG1
|